Siegerstädte der Champions League - Sudden Death - Statistiken

Allgemein
  • Dieses Quiz wurde 284 mal gespielt
    59 seit der letzten Aktualisierung
  • Das Durchschnittsergebnis liegt bei 14 aus 22
Answers on the Grid
Answers color-coded by a green-red scale on the quiz's grid according to % correct below.
Madrid
Mailand
München
Liverpool
Barcelona
Manchester
Amsterdam
Turin
Lissabon
London
Nottingham
Porto
Dortmund
Glasgow
Hamburg
Bukarest
Belgrad
Marseille
Rotterdam
Birmingham
Eindhoven
Reims
Valencia
Florenz
Frankfurt
Athen
Leeds
Saint-Étienne
Brügge
Mönchengladbach
Malmö
Rom
Genua
Leverkusen
Monaco
Paris
Brüssel
Bordeaux
Berlin
Edinburgh
Neapel
Sevilla
 
Antwortstatistiken
Antwort % Korrekt
London
79%
Liverpool
76%
Madrid
76%
Mailand
74%
München
74%
Paris
74%
Amsterdam
71%
Dortmund
71%
Hamburg
71%
Manchester
68%
Nottingham
68%
Barcelona
65%
Lissabon
62%
Porto
62%
Turin
59%
Belgrad
56%
Eindhoven
56%
Glasgow
56%
Marseille
56%
Bukarest
53%
Rotterdam
44%
Birmingham
35%
Keine übereinstimmenden Quizze gefunden
Verteilung der Resultate
Anzahl Personen mit jedem Resultat
Perzentil nach korrekt beantworteten Fragen
Ihre Resultats-Entwicklung
Sie haben dieses Quiz seit der letzten Aktualisierung nicht gespielt